000 00422nam a2200157Ia 4500
008 210716s2007 xx 000 0 und d
020 _a9788120329690
041 _aeng
082 _a004.65 SINB
100 _aSingh, Brijendra.
245 _aData communications and computer networks.
250 _a2
260 _aNew Delhi
_bPrentice Hall of India PVt Ltd.
_c2007
300 _axiv,357
650 _aComputer Networks
999 _c188611
_d188611